5HLuxD.jpg

KING HENRY VIII SENIOR AND PRIMARY SCHOOL LIBRARY OPAC

Henri Nestlé : (Record no. 1961)

000 -LEADER
fixed length control field 01632cam a2200397 i 4500
001 - CONTROL NUMBER
control field 19407222
003 - CONTROL NUMBER IDENTIFIER
control field OSt
005 - DATE AND TIME OF LATEST TRANSACTION
control field 20230221095039.0
008 - FIXED-LENGTH DATA ELEMENTS--GENERAL INFORMATION
fixed length control field 161214t20182018mnua j 001 0beng
010 ## - LIBRARY OF CONGRESS CONTROL NUMBER
LC control number 2016962532
020 ## - INTERNATIONAL STANDARD BOOK NUMBER
International Standard Book Number 9781532110832
040 ## - CATALOGING SOURCE
Original cataloging agency DLC
Language of cataloging eng
Description conventions rda
Transcribing agency DLC
Modifying agency DLC
-- KH8
042 ## - AUTHENTICATION CODE
Authentication code pcc
043 ## - GEOGRAPHIC AREA CODE
Geographic area code n-us---
082 00 - DEWEY DECIMAL CLASSIFICATION NUMBER
Classification number 338.7 HUD
Edition number 23
100 1# - MAIN ENTRY--PERSONAL NAME
Personal name Hudak, Heather C.,
Dates associated with a name 1975-
Relator term author.
245 10 - TITLE STATEMENT
Title Henri Nestlé :
Remainder of title food company creator /
Statement of responsibility, etc. Heather C. Hudak.
264 #1 - PRODUCTION, PUBLICATION, DISTRIBUTION, MANUFACTURE, AND COPYRIGHT NOTICE
Place of production, publication, distribution, manufacture Minneapolis, Minnesota :
Name of producer, publisher, distributor, manufacturer Checkerboard Library, an imprint of ABDO Publishing,
Date of production, publication, distribution, manufacture, or copyright notice [2018]
264 #4 - PRODUCTION, PUBLICATION, DISTRIBUTION, MANUFACTURE, AND COPYRIGHT NOTICE
Date of production, publication, distribution, manufacture, or copyright notice ©2018
300 ## - PHYSICAL DESCRIPTION
Extent 32 pages :
Other physical details illustrated (some color) ;
Dimensions 21 cm.
336 ## - CONTENT TYPE
Content type term text
Content type code txt
Source rdacontent
337 ## - MEDIA TYPE
Media type term unmediated
Media type code n
Source rdamedia
338 ## - CARRIER TYPE
Carrier type term volume
Carrier type code nc
Source rdacarrier
490 0# - SERIES STATEMENT
Series statement Food dudes
500 ## - GENERAL NOTE
General note Includes index.
505 0# - FORMATTED CONTENTS NOTE
Formatted contents note Early life -- Science studies -- Business owner -- Business goes flat -- A concrete plan -- Baby blues -- Milk man -- Cereal boom -- New owners -- Nestlé Company -- Milk & chocolate -- Nestlé today -- Timeline -- All about labels.
600 10 - SUBJECT ADDED ENTRY--PERSONAL NAME
Personal name Nestlé, Henri,
Dates associated with a name 1814-1890
Form subdivision Juvenile literature.
610 20 - SUBJECT ADDED ENTRY--CORPORATE NAME
Corporate name or jurisdiction name as entry element Nestlé
Form subdivision Juvenile literature.
650 #0 - SUBJECT ADDED ENTRY--TOPICAL TERM
Topical term or geographic name entry element Food industry and trade
Geographic subdivision Switzerland
General subdivision History.
650 #0 - SUBJECT ADDED ENTRY--TOPICAL TERM
Topical term or geographic name entry element International business enterprises
Geographic subdivision Switzerland
General subdivision History.
650 #0 - SUBJECT ADDED ENTRY--TOPICAL TERM
Topical term or geographic name entry element Industrialists
Geographic subdivision Switzerland
Form subdivision Biography.
650 #0 - SUBJECT ADDED ENTRY--TOPICAL TERM
Topical term or geographic name entry element Businesspeople
Geographic subdivision Switzerland
Form subdivision Biography.
906 ## - LOCAL DATA ELEMENT F, LDF (RLIN)
a 7
b cbc
c orignew
d 2
e epcn
f 20
g y-gencatlg
942 ## - ADDED ENTRY ELEMENTS (KOHA)
Source of classification or shelving scheme
Koha item type Books - Non Ficton
Holdings
Withdrawn status Lost status Source of classification or shelving scheme Damaged status Not for loan Collection code Permanent Location Current Location Shelving location Date acquired Total Checkouts Full call number Barcode Date last seen Date last checked out Price effective from Koha item type
          Non-Fiction KH8 Primary School Library KH8 Primary School Library Non Fiction 2023-02-21 9 338.7 HUD KHPL000003675 2025-12-05 2024-10-10 2023-02-21 Books - Non Ficton

Powered By KH8 IT Dept